Lady Gaga - Alice - Statistics

General Stats
  • This quiz has been taken 56 times
  • The average score is 179 of 222
Answer Stats
Answer % Correct
a
100%
Alice
100%
I
100%
My
100%
my
100%
name
100%
But
97%
for
97%
I'll
97%
isn't
97%
keep
97%
looking
95%
Wonderland
95%
me
92%
mind
84%
of
82%
to
82%
I'm
79%
free
76%
screaming
74%
Screaming
74%
this
74%
tired
74%
you
74%
alive?
71%
lungs
71%
in
68%
out
68%
Take
68%
the
68%
and
66%
At
66%
at
66%
down
66%
stuck
66%
body?
61%
Could
61%
top
61%
up
61%
home
58%
pull
58%
so
55%
Set
53%
Sick
53%
waking
53%
Where's
53%
falling
50%
symphony
50%
anything
47%
behind
45%
myself
39%
your
39%
hole
37%
on
37%
listen
34%
play
34%
will
34%
DJ
26%
trip
24%
just
21%
left
21%
Maestro
21%
mother
21%
might
16%
Think
16%
have
13%
No matching quizzes found
Score Distribution
Percent of People with Each Score
Percentile by Number Answered
Your Score History
You have not taken this quiz